000 02725cam a2200325 4500500
005 20260329005340.0
041 _afre
042 _adc
100 1 0 _aMaimouni, Mohammed
_eauthor
700 1 0 _aMoussaoui, Jihane
_eauthor
700 1 0 _aChlihfane, Rajae
_eauthor
700 1 0 _aBarrimi, Mohammed
_eauthor
700 1 0 _aReca, Martin
_eauthor
245 0 0 _aTentatives d’auto-énucléation et d’automutilation génitale secondaire à un syndrome de RESLES chez un patient schizophrène
260 _c2022.
500 _a16
520 _aNous rapportons le cas d’un jeune homme hospitalisé en psychiatrie pour une rechute schizophrénique et qui présente de façon récidivante des crises épileptiques tonico-cloniques concomitantes à des tentatives d’automutilation génitale et d’auto-énucléation dans le cadre d’un syndrome de RESLES (reversible splenial lesion sydrome). Le patient était pris en charge dans le but d’atteindre une rémission des symptômes schizophréniques et aussi dans l’optique de rechercher les facteurs étiologiques des crises tonico-cloniques occasionnant ces automutilations graves.
520 _aWe report the case of a young man hospitalized in a psychiatric ward for a schizophrenic relapse and who presents recurrent tonic-clonic epileptic seizures concomitant with attempts at genital self-mutilation and self-enucleation in the context of RESLES (reversible splenial lesion syndrome). The patient was treated with the aim of achieving remission of schizophrenic symptoms and also with a view to investigating the etiological factors of the tonic-clonic seizures causing these serious self-mutilations.
520 _aReportamos el caso de un hombre joven hospitalizado en psiquiatría por causa de una recaída esquizofrénica quien presenta de modo reincidente crisis epilépticas tónico-clónicas concomitantes con intentos de automutilación genital y de autoenuclación en el marco de un síndrome de RESLES (reversible splenial lesion syndrome). El paciente estaba atendido con el fin de alcanzar una remisión de los síntomas esquizofrénicos y también para intentar averiguar los factores etiológicos de las crisis tónico-clónicas que provocan estas graves automutilaciones.
690 _aauto-énucléation
690 _aautomutilation
690 _acrise épileptique
690 _asyndrome de RESLES
690 _aepileptic seizures
690 _aRESLES
690 _aself-enucleation
690 _aself-mutilation
786 0 _nL'information psychiatrique | Volume 98 | 1 | 2022-02-09 | p. 49-51 | 0020-0204
856 4 1 _uhttps://stm.cairn.info/revue-l-information-psychiatrique-2022-1-page-49?lang=fr&redirect-ssocas=7080
999 _c1842541
_d1842541